Loading...
| Current Events | 3 | 20.00 | 100% | 67% | 33% |
| Fine Arts - Classical Music | 9 | 8.89 | 78% | 11% | 0% |
| Fine Arts - Other Fine Arts | 8 | 15.00 | 100% | 38% | 13% |
| Fine Arts - Painting and Sculpture | 7 | 11.43 | 100% | 14% | 0% |
| Geography | 2 | 10.00 | 100% | 0% | 0% |
| History - American History | 5 | 20.00 | 100% | 40% | 60% |
| History - European History | 5 | 16.00 | 100% | 20% | 40% |
| History - Other History | 7 | 11.43 | 100% | 14% | 0% |
| History - World History | 6 | 13.33 | 100% | 17% | 17% |
| Literature - American Literature | 6 | 16.67 | 100% | 50% | 17% |
| Literature - British Literature | 4 | 12.50 | 100% | 25% | 0% |
| Literature - European Literature | 7 | 12.86 | 100% | 29% | 0% |
| Literature - World Literature | 7 | 11.43 | 86% | 14% | 14% |
| Mythology | 9 | 20.00 | 100% | 67% | 33% |
| Other Academic | 1 | 20.00 | 100% | 100% | 0% |
| Philosophy | 8 | 17.50 | 100% | 50% | 25% |
| Pop Culture | 1 | 10.00 | 100% | 0% | 0% |
| Religion | 6 | 13.33 | 100% | 33% | 0% |
| Science - Biology | 6 | 15.00 | 100% | 33% | 17% |
| Science - Chemistry | 5 | 12.00 | 100% | 20% | 0% |
| Science - Other Science | 5 | 24.00 | 100% | 100% | 40% |
| Science - Physics | 9 | 22.22 | 100% | 89% | 33% |
| Social Science | 6 | 18.33 | 100% | 67% | 17% |